000 00421nab a22001097u 4500
008 130520b1993 xxu||||| |||| 00| 0 spa d
041 _aspa
100 1 _aCarriedo Tejedo, Manuel
_967731
245 0 0 _aTres obispos de León (Frumicio, Cixila y Oveco) y el tránsito de la monarquía asturiana a la leonesa
_cManuel Carriedo Tejedo
773 0 _tStudium Legionense
_gV.34,1993,págs. 299-316
_x0210-8321
_wRev453
942 _cAR
999 _c406367
_d406367